书目信息 |
| 题名: |
中国汽车工业的早期发展
|
|
| 作者: | 关云平 著 | |
| 分册: | ||
| 出版信息: | 上海 上海人民出版社 2015.05 |
|
| 页数: | 249页 | |
| 开本: | 24cm | |
| 丛书名: | ||
| 单 册: | ||
| 中图分类: | F426.471 | |
| 科图分类: | ||
| 主题词: | 汽车工业--工业史--中国--1920-1978 | |
| 电子资源: | ||
| ISBN: | 978-7-208-12941-2 | |
| 000 | 01009nam0 2200241 450 | |
| 001 | 0120151562870 | |
| 005 | 20160512145139.59 | |
| 010 | @a978-7-208-12941-2@dCNY48.00 | |
| 100 | @a20150525d2015 em y0chiy50 ea | |
| 101 | 0 | @achi@deng |
| 102 | @aCN@b310000 | |
| 105 | @aak z 000yy | |
| 106 | @ar | |
| 200 | 1 | @a中国汽车工业的早期发展@9zhong guo qi che gong ye de zao qi fa zhan@e1920-1978@f关云平著 |
| 210 | @a上海@c上海人民出版社@d2015.05 | |
| 215 | @a249页@c图@d24cm | |
| 330 | @a本书是华中师范大学中国史专业博士关云平先生的博士论文。内容主要是论述了1920—1978年中国汽车工业的发展历程,总结归纳出中国汽车工业早期历史中形成的各种模式,探究该产业历史结构的转换以及历史的经验与教训。本书稿资料翔实,观点鲜明,文字通顺准确,作者在大量的史料的基础上大胆地提出自己的观点。 | |
| 333 | @a汽车工业相关读者 | |
| 606 | 0 | @a汽车工业@x工业史@y中国@z1920-1978 |
| 690 | @aF426.471@v5 | |
| 701 | 0 | @a关云平@9guan yun ping@f(1975-)@4著 |
| 801 | 0 | @aCN@b人天书店@c20150525 |
| 905 | @b875482-87@dF426.471@e145@f6 | |
| 中国汽车工业的早期发展:1920-1978/关云平著.-上海:上海人民出版社,2015.05 |
| 249页:图;24cm |
| 使用对象:汽车工业相关读者 |
| ISBN 978-7-208-12941-2:CNY48.00 |
| 本书是华中师范大学中国史专业博士关云平先生的博士论文。内容主要是论述了1920—1978年中国汽车工业的发展历程,总结归纳出中国汽车工业早期历史中形成的各种模式,探究该产业历史结构的转换以及历史的经验与教训。本书稿资料翔实,观点鲜明,文字通顺准确,作者在大量的史料的基础上大胆地提出自己的观点。 |
| ● |
| 相关链接 |
|
|
|
|
正题名:中国汽车工业的早期发展
索取号:F426.471/145
 
预约/预借
| 序号 | 登录号 | 条形码 | 馆藏地/架位号 | 状态 | 备注 |
| 1 | 875482 | 208754828 | 第一样本阅览室/ [索取号:F426.471/145] | 在馆 | |
| 2 | 875483 | 208754837 | 教育系资料室/ [索取号:F426.471/145] | 在馆 | |
| 3 | 875484 | 208754846 | 教育系资料室/ [索取号:F426.471/145] | 在馆 | |
| 4 | 875485 | 208754855 | 教育系资料室/ [索取号:F426.471/145] | 在馆 | |
| 5 | 875486 | 208754864 | 第一借阅区/ [索取号:F426.471/145] | 在馆 | |
| 6 | 875487 | 208754873 | 第一借阅区/ [索取号:F426.471/145] | 在馆 |